Catalog

Record Details

Catalog Search



Peroxiredoxin Systems Structures and Functions  Cover Image E-book E-book

Peroxiredoxin Systems [electronic resource] : Structures and Functions / edited by Leopold Flohé, J. Robin Harris.

Flohé, Leopold. (editor.). Harris, J. Robin. (editor.). SpringerLink (Online service) (Added Author).

Record details

  • ISBN: 9781402060519
  • Physical Description: XIV, 407 p. online resource.
  • Publisher: Dordrecht : Springer Netherlands, 2007.
Subject: Medicine.
Medical parasitology.
Biochemistry.
Cytology.
Microbiology.
Bacteriology.
Biomedicine.
Parasitology.
Biochemistry, general.
Cell Biology.
Microbiology.
Bacteriology.

Electronic resources


LDR 01659nam a22004815i 4500
00113139
003CONS
00520131219161943.0
007cr nn 008mamaa
008100301s2007 ne | s |||| 0|eng d
020 . ‡a9781402060519 ‡9978-1-4020-6051-9
0247 . ‡a10.1007/978-1-4020-6051-9 ‡2doi
035 . ‡a(DE-He213)978-1-4020-6051-9
050 4. ‡aQR251-255
072 7. ‡aMMFP ‡2bicssc
072 7. ‡aMED103000 ‡2bisacsh
1001 . ‡aFlohé, Leopold. ‡eeditor.
24510. ‡aPeroxiredoxin Systems ‡h[electronic resource] : ‡bStructures and Functions / ‡cedited by Leopold Flohé, J. Robin Harris.
264 1. ‡aDordrecht : ‡bSpringer Netherlands, ‡c2007.
300 . ‡aXIV, 407 p. ‡bonline resource.
336 . ‡atext ‡btxt ‡2rdacontent
337 . ‡acomputer ‡bc ‡2rdamedia
338 . ‡aonline resource ‡bcr ‡2rdacarrier
347 . ‡atext file ‡bPDF ‡2rda
4901 . ‡aSubcellular Biochemistry, ‡x0306-0225 ; ‡v44
650 0. ‡aMedicine.
650 0. ‡aMedical parasitology.
650 0. ‡aBiochemistry.
650 0. ‡aCytology.
650 0. ‡aMicrobiology.
650 0. ‡aBacteriology.
65014. ‡aBiomedicine.
65024. ‡aParasitology.
65024. ‡aBiochemistry, general.
65024. ‡aCell Biology.
65024. ‡aMicrobiology.
65024. ‡aBacteriology.
7001 . ‡aHarris, J. Robin. ‡eeditor.
7102 . ‡aSpringerLink (Online service)
7730 . ‡tSpringer eBooks
77608. ‡iPrinted edition: ‡z9781402060502
830 0. ‡aSubcellular Biochemistry, ‡x0306-0225 ; ‡v44
85640. ‡uhttp://biblioteca.ipicyt.edu.mx:2048/login?url=http://dx.doi.org/10.1007/978-1-4020-6051-9 ‡yTexto completo ‡9CONS
950 . ‡aBiomedical and Life Sciences (Springer-11642)
901 . ‡a13139 ‡b ‡c13139 ‡tbiblio ‡sSystem Local

Additional Resources